000 01323cam a22003497a 4500
003 CHAP
005 20220329142955.0
008 050519d2004 mx abd r 00110 spa d
010 _a90296
011 _a91268
035 _a101826
040 _cCHAP
090 _aTesis
100 0 0 _aCruz Rivas, Antonio.
_929557
245 1 3 _aLa importancia del hilite blanco (Alnus acuminata subsp. arguta (Schlecht.) Furlow) (Betulaceae) en la sombra de cafetales de Xochitlán de Vicente Suárez, Puebla, México
_c/por Antonio Cruz Rivas
260 _aMéxico, D. F. :
_bEl autor,
_c2004
300 _a198 h. :
_bilus. ; gráfs. ; mapas ; tablas
502 _aTesis (M. C. en Ciencias Biológicas (Biología Ambiental) ) -- UNAM. Posgrado en Ciencias Biológicas
590 _aALEPH
_b10
_c20130110
_lUCH01
_h1506
590 _aBATCH-UPD
_b10
_c20130110
_lUCH01
_h0038
590 _aBATCH-UPD
_b10
_c20130110
_lUCH01
_h0500
590 _aBATCH-UPD
_b10
_c20130410
_lUCH01
_h1400
590 _aBATCH-UPD
_b10
_c20130914
_lUCH01
_h0243
590 _aCONVERSION
_b10
_c20130109
_lUCH01
_h1350
650 1 4 _aAlnus.
_94552
650 1 4 _aÁrboles
_xPuebla.
_96639
650 1 4 _aCafé
_zPuebla.
_917214
901 _aBK
905 _aMarco A. Mendoza T.
942 _cTESIS
949 _aTesis
_bBC
_cTES
_d1018261
_eTS1
_gDonaciØn
_h43863
_i101826
_sb
999 _c90296
_d90296